Plant cell structure and metabolism (Record no. 24449)

MARC details
000 -LEADER
fixed length control field 00533nam a2200217Ia 4500
082 ## - DEWEY DECIMAL CLASSIFICATION NUMBER
Classification number 581.4
Item number HAL
100 ## - MAIN ENTRY--AUTHOR NAME
Personal name HALL, J L
245 #0 - TITLE STATEMENT
Title Plant cell structure and metabolism
260 ## - PUBLICATION, DISTRIBUTION, ETC. (IMPRINT)
Place of publication London
Name of publisher Longman Group Ltd
Year of publication 1974
650 ## - SUBJECT ADDED ENTRY--TOPICAL TERM
Topical Term Cell membrane
650 ## - SUBJECT ADDED ENTRY--TOPICAL TERM
Topical Term Chloroplast
650 ## - SUBJECT ADDED ENTRY--TOPICAL TERM
Topical Term Golgi body
650 ## - SUBJECT ADDED ENTRY--TOPICAL TERM
Topical Term Lysosome
650 ## - SUBJECT ADDED ENTRY--TOPICAL TERM
Topical Term Microbodies
650 ## - SUBJECT ADDED ENTRY--TOPICAL TERM
Topical Term Mitochondria
650 ## - SUBJECT ADDED ENTRY--TOPICAL TERM
Topical Term Nucleus
650 ## - SUBJECT ADDED ENTRY--TOPICAL TERM
Topical Term Plant cell structure
650 ## - SUBJECT ADDED ENTRY--TOPICAL TERM
Topical Term Ribosome
942 ## - ADDED ENTRY ELEMENTS (KOHA)
Koha item type Books
Holdings
Withdrawn status Lost status Damaged status Not for loan Home library Current library Date acquired Full call number Accession Number Koha item type
        RRII Library RRII Library 16/12/2021 581.4 HAL 05131 Books